Loading...
| Ancient History and Archaeology | 3 | 20.00 | 33% | 67% | 100% |
| Beliefs | 10 | 16.00 | 50% | 50% | 60% |
| British and Commonwealth History | 4 | 15.00 | 75% | 50% | 25% |
| Current Events | 1 | 30.00 | 100% | 100% | 100% |
| Fine Arts - Auditory | 7 | 20.00 | 57% | 71% | 71% |
| Fine Arts - Visual | 6 | 18.33 | 33% | 83% | 67% |
| Geography | 2 | 15.00 | 50% | 50% | 50% |
| History - American | 6 | 21.67 | 83% | 83% | 50% |
| History - European | 4 | 17.50 | 50% | 75% | 50% |
| History - World | 5 | 16.00 | 60% | 80% | 20% |
| Literature - American | 5 | 14.00 | 40% | 80% | 20% |
| Literature - British | 6 | 18.33 | 33% | 100% | 50% |
| Literature - European | 5 | 14.00 | 40% | 20% | 80% |
| Other Academic | 1 | 30.00 | 100% | 100% | 100% |
| Other Arts: Auditory | 1 | 10.00 | 100% | 0% | 0% |
| Other Arts: Visual | 3 | 13.33 | 0% | 67% | 67% |
| Other Science: Astronomy | 1 | 10.00 | 0% | 100% | 0% |
| Other Science: Computer Science | 2 | 15.00 | 50% | 100% | 0% |
| Other Science: Earth Science | 2 | 15.00 | 100% | 50% | 0% |
| Other Science: Math | 3 | 20.00 | 67% | 67% | 67% |
| Philosophy | 5 | 26.00 | 80% | 80% | 100% |
| Science - Biology | 4 | 12.50 | 50% | 50% | 25% |
| Science - Chemistry | 3 | 26.67 | 100% | 67% | 100% |
| Science - Physics | 5 | 16.00 | 40% | 60% | 60% |
| Social Science | 6 | 21.67 | 50% | 83% | 83% |
| World and Other Literature | 6 | 15.00 | 50% | 67% | 33% |